LIBRARY ONLINE CATALOGUE

Operations and supply management / (Record no. 8877)

MARC details
000 -LEADER
fixed length control field 00743cam a22002292 4500
001 - CONTROL NUMBER
control field 0000019212
005 - DATE AND TIME OF LATEST TRANSACTION
control field 20151217152148.0
008 - FIXED-LENGTH DATA ELEMENTS--GENERAL INFORMATION
fixed length control field 101021s xx 000 0 eng d
020 ## - INTERNATIONAL STANDARD BOOK NUMBER
International Standard Book Number 007128804x :
040 ## - CATALOGING SOURCE
Original cataloging agency KABU
Transcribing agency KABU
100 1# - MAIN ENTRY--PERSONAL NAME
Personal name Jacobs, F. Robert.
-- 0000156488
245 10 - TITLE STATEMENT
Title Operations and supply management /
Statement of responsibility, etc. F. Robert Jacobs, Richard B. Chase, Nicholas J. Aquilano.
250 ## - EDITION STATEMENT
Edition statement 12th ed.
260 ## - PUBLICATION, DISTRIBUTION, ETC. (IMPRINT)
Place of publication, distribution, etc. Boston :
Name of publisher, distributor, etc. McGraw-Hill,
Date of publication, distribution, etc. 2009.
300 ## - PHYSICAL DESCRIPTION
Extent xix, 776 p. +
Accompanying material 1 CD-ROM.
650 #0 - SUBJECT ADDED ENTRY--TOPICAL TERM
Topical term or geographic name as entry element Production management.
-- 0000155181
700 1# - ADDED ENTRY--PERSONAL NAME
Personal name Chase, Richard B.
-- 0000156485
700 1# - ADDED ENTRY--PERSONAL NAME
Personal name Aquilano, Nicholas J.
-- 0000156484
852 1# - LOCATION
-- p7800 KES
908 ## - PUT COMMAND PARAMETER (RLIN)
Put command parameter 101021
950 ## - LOCAL HOLDINGS (RLIN)
-- 1
Holdings
Withdrawn status Lost status Source of classification or shelving scheme Not for loan Home library Current library Date acquired Total Checkouts Full call number Barcode Date last seen Price effective from Koha item type
    Library of Congress Classification   Kabarak, Main Campus Kabarak, Main Campus 17/12/2015   TS155 .J33 2009 c. 1 23597 17/12/2015 17/12/2015 General Collection